The noble scholar, jurist, historian


 His Excellency Dr. Abdul Wahhab bin Ibrahim Abu Sulaiman, may Allah have mercy on him.


 He was born in Umm Al-Qura in the year 1356 AH.

تخريج الدلالات السمعية على ما كان في عهد رسول الله صلى الله عليه وسلم من الحرف والصنائع والعمالات الشرعية / (Record no. 10257)

MARC details
000 -LEADER
fixed length control field 01048cam a2200241 i 4500
003 - CONTROL NUMBER IDENTIFIER
control field SA-RiAUC
005 - DATE AND TIME OF LATEST TRANSACTION
control field 20250724063949.0
008 - FIXED-LENGTH DATA ELEMENTS--GENERAL INFORMATION
fixed length control field 250724s1985 le g 00010 ara c
040 ## - CATALOGING SOURCE
Original cataloging agency SA-EnSBSSC
Language of cataloging ara
Transcribing agency SA-RiAUC
Description conventions rda
082 04 - DEWEY DECIMAL CLASSIFICATION NUMBER
Classification number 257
090 ## - LOCALLY ASSIGNED LC-TYPE CALL NUMBER (OCLC); LOCAL CALL NUMBER (RLIN)
Classification number (OCLC) (R) ; Classification number, CALL (RLIN) (NR) 257
Local cutter number (OCLC) ; Book number/undivided call number, CALL (RLIN) خ ز ا
100 1# - MAIN ENTRY--PERSONAL NAME
Personal name الخزاعي، علي بن محمد بن أحمد،
Dates associated with a name 710-789 هجري
Relator term مؤلف.
245 10 - TITLE STATEMENT
Title تخريج الدلالات السمعية على ما كان في عهد رسول الله صلى الله عليه وسلم من الحرف والصنائع والعمالات الشرعية /
Statement of responsibility, etc. أبو الحسن علي بن محمد الخزاعي.
250 ## - EDITION STATEMENT
Edition statement الطبعة الأولى.
264 #1 - PRODUCTION, PUBLICATION, DISTRIBUTION, MANUFACTURE, AND COPYRIGHT NOTICE
Place of production, publication, distribution, manufacture بيروت :
Name of producer, publisher, distributor, manufacturer دار الغرب العربي،
Date of production, publication, distribution, manufacture, or copyright notice 1985
300 ## - PHYSICAL DESCRIPTION
Extent 919 صفحة ؛
Dimensions 26 سم
336 ## - CONTENT TYPE
Content type term نص
Content type code txt
Source rdacontent
Materials specified كتاب
337 ## - MEDIA TYPE
Media type term بدون وسيط
Media type code n
Source rdamedia
338 ## - CARRIER TYPE
Carrier type term مجلد
Carrier type code nc
Source rdacarrier
650 #7 - SUBJECT ADDED ENTRY--TOPICAL TERM
Topical term or geographic name entry element النظم الإسلامية
Source of heading or term aucsh
942 ## - ADDED ENTRY ELEMENTS (KOHA)
Source of classification or shelving scheme Dewey Decimal Classification
Koha item type Books
Suppress in OPAC No
949 ## - LOCAL PROCESSING INFORMATION (OCLC)
a SA-JeALM
d 250724
u mohamedma123
n 1
Holdings
Withdrawn status Lost status Source of classification or shelving scheme Damaged status Not for loan Home library Current library Date acquired Total checkouts Full call number Barcode Date last seen Price effective from Koha item type
    Dewey Decimal Classification     DR AbdElwahab Library DR AbdElwahab Library 07/24/2025   257 خ ز ا 000016625 07/24/2025 07/24/2025 Books